[Event "25th North American Open"]
[Site "Las Vegas"]
[Date "2015.12.26"]
[Round "2"]
[White "Mitkov, Nikola"]
[Black "Feng, Roland"]
[Result "1-0"]
[WhiteElo "2455"]
[BlackElo "2327"]
[PlyCount "135"]
[EventDate "2015.12.??"]
[EventType "swiss"]
[EventRounds "9"]
[EventCountry "USA"]
[Source "MonRoi"]

1. d4 Nf6 2. Bf4 e6 3. e3 b6 4. Nf3 Bb7 5. Be2 Be7 6. h3 c5 7. O-O O-O 8. c4 d6
9. Bh2 Nbd7 10. Nc3 Ne4 11. Nxe4 Bxe4 12. dxc5 Nxc5 13. b4 Nb7 14. Nd4 e5 15.
Nb5 d5 16. a3 dxc4 17. Bxe5 a5 18. Bxc4 axb4 19. Qg4 Bg6 20. axb4 Rxa1 21. Bxa1
Qc8 22. Qe2 Rd8 23. Rc1 Qd7 24. Nd4 Rc8 25. Qb2 Nd6 26. Be2 Rxc1+ 27. Qxc1 Bf6
28. Nf3 Bxa1 29. Qxa1 Be4 30. Qd4 Qc7 31. Nd2 Bb7 32. Nc4 Nxc4 33. Bxc4 h6 34.
h4 Qc6 35. Qd8+ Kh7 36. Bf1 g6 37. b5 Qe6 38. Qd4 Bd5 39. Bd3 Kg8 40. e4 Bb3
41. Be2 h5 42. f3 Kf8 43. Kf2 Ke7 44. Ke3 Ba2 45. Bd3 Bb3 46. Kd2 Ba2 47. Be2
Qd6 48. Qxd6+ Kxd6 49. g4 hxg4 50. fxg4 Ke5 51. Ke3 f5 52. exf5 gxf5 53. g5 f4+
54. Kf3 Bb1 55. Kg4 Bg6 56. h5 Bf5+ 57. Kh4 Be4 58. Bg4 f3 59. Kg3 Bd3 60. Bd7
f2 61. Kxf2 Kf4 62. g6 Kg5 63. Be8 Kh6 64. Ke3 Bc2 65. Kf4 Bd1 66. Kf5 Bc2+ 67.
Kf6 Bxg6 68. hxg6 1-0

[Event "25th North American Open"]
[Site "Las Vegas"]
[Date "2015.12.26"]
[Round "2"]
[White "Young, Angelo"]
[Black "Kiewra, Keaton"]
[Result "0-1"]
[WhiteElo "2315"]
[BlackElo "2444"]
[PlyCount "108"]
[EventDate "2015.12.??"]
[EventType "swiss"]
[EventRounds "9"]
[EventCountry "USA"]
[Source "MonRoi"]

1. Nf3 d5 2. g3 Nf6 3. Bg2 e6 4. O-O Be7 5. c4 O-O 6. d3 dxc4 7. dxc4 Qxd1 8.
Rxd1 Nfd7 9. Nc3 a5 10. Bf4 Na6 11. Nb5 c6 12. Bd6 Bxd6 13. Nxd6 Ndc5 14. Ne5
f6 15. Nd3 e5 16. f4 exf4 17. Nxc5 Nxc5 18. gxf4 Bg4 19. Rd2 Rad8 20. Rad1 Rd7
21. Ne4 Rfd8 22. Rxd7 Rxd7 23. Rxd7 Nxd7 24. Kf2 Kf8 25. a3 a4 26. Nc3 Nc5 27.
Be4 Be6 28. Bc2 Bxc4 29. Nxa4 Nxa4 30. Bxa4 g5 31. Bc2 h6 32. Kf3 Ke7 33. e3
Be6 34. b4 Kd6 35. e4 c5 36. Ke3 b6 37. Bd1 Bf7 38. Be2 c4 39. fxg5 fxg5 40.
Kd4 b5 41. e5+ Ke7 42. Bd1 Be8 43. Be2 h5 44. a4 bxa4 45. Bxc4 Bc6 46. b5 Bb7
47. Ke3 h4 48. b6 g4 49. Kf2 a3 50. Bb3 Kd7 51. e6+ Kd6 52. Bc4 Bc6 53. Bb3 Kc5
54. Ba4 Kxb6 0-1

[Event "25th North American Open"]
[Site "Las Vegas"]
[Date "2015.12.26"]
[Round "2"]
[White "Bartholomew, John"]
[Black "Vibbert, Sean"]
[Result "1/2-1/2"]
[WhiteElo "2443"]
[BlackElo "2313"]
[PlyCount "70"]
[EventDate "2015.12.??"]
[EventType "swiss"]
[EventRounds "9"]
[EventCountry "USA"]
[Source "MonRoi"]

1. Nf3 Nf6 2. g3 b5 3. Bg2 Bb7 4. Na3 a6 5. c4 e6 6. cxb5 Bxa3 7. bxa6 Rxa6 8.
bxa3 O-O 9. O-O Nc6 10. d3 Qa8 11. Bb2 Rb8 12. e4 Ne8 13. Qc2 Na7 14. Nd4 d6
15. f4 c5 16. Nb3 Nb5 17. f5 e5 18. Nd2 Nxa3 19. Bxa3 Rxa3 20. Nc4 Ra6 21. Rfb1
Bc6 22. Rxb8 Qxb8 23. Rb1 Qc7 24. a3 Ra7 25. Qc3 Rb7 26. Rxb7 Qxb7 27. Bf1 Qa7
28. Be2 Bb5 29. Qa5 Qxa5 30. Nxa5 Kf8 31. Kf2 Nc7 32. Ke3 Na8 33. Bd1 Nb6 34.
Bb3 Ke7 35. h4 h6 1/2-1/2

[Event "25th North American Open"]
[Site "Las Vegas"]
[Date "2015.12.26"]
[Round "2"]
[White "Ludwig, John"]
[Black "Matikozyan, Andranik"]
[Result "1/2-1/2"]
[WhiteElo "2287"]
[BlackElo "2427"]
[PlyCount "36"]
[EventDate "2015.12.??"]
[EventType "swiss"]
[EventRounds "9"]
[EventCountry "USA"]
[Source "MonRoi"]

1. e4 c5 2. c3 d5 3. exd5 Qxd5 4. d4 Nf6 5. Nf3 Bg4 6. Be2 e6 7. h3 Bh5 8. Na3
Nc6 9. O-O Be7 10. Nb5 Qd8 11. dxc5 Bxc5 12. Bg5 O-O 13. Nd2 Bxe2 14. Qxe2 Be7
15. Bxf6 Bxf6 16. Ne4 Qe7 17. Qe3 Be5 18. Rad1 a6 1/2-1/2

[Event "25th North American Open"]
[Site "Las Vegas"]
[Date "2015.12.26"]
[Round "2"]
[White "Sheng, Joshua"]
[Black "Colas, Joshua"]
[Result "0-1"]
[WhiteElo "2423"]
[BlackElo "2245"]
[PlyCount "60"]
[EventDate "2015.12.??"]
[EventType "swiss"]
[EventRounds "9"]
[EventCountry "USA"]
[Source "MonRoi"]

1. e4 c5 2. Nf3 e6 3. d4 cxd4 4. Nxd4 a6 5. Bd3 Nf6 6. O-O Qc7 7. c4 Nc6 8. Nf3
Be7 9. Nc3 O-O 10. h3 d6 11. Be3 Nd7 12. Rc1 Nc5 13. Bb1 Qb8 14. a3 a5 15. Nd2
b6 16. f4 Ba6 17. Qe2 a4 18. Bc2 Bb7 19. Qd1 Bf6 20. e5 dxe5 21. Nde4 Nxe4 22.
Nxe4 Be7 23. f5 exf5 24. Rxf5 f6 25. Nc3 Nd4 26. Bxd4 exd4 27. Rh5 f5 28. Qe2
Bc5 29. Qe6+ Rf7 30. Nxa4 Qg3 0-1

[Event "25th North American Open"]
[Site "Las Vegas"]
[Date "2015.12.26"]
[Round "2"]
[White "Wheeler, Cameron"]
[Black "Bjorksten, Lennart"]
[Result "1-0"]
[WhiteElo "2369"]
[BlackElo "2084"]
[PlyCount "43"]
[EventDate "2015.12.??"]
[EventType "swiss"]
[EventRounds "9"]
[EventCountry "USA"]
[Source "MonRoi"]

1. d4 Nf6 2. c4 e6 3. g3 c5 4. d5 exd5 5. cxd5 b5 6. e4 Nxe4 7. Bg2 Nd6 8. Nf3
Be7 9. O-O O-O 10. Bf4 Qb6 11. Nc3 Bb7 12. Re1 Bf6 13. a4 Nc4 14. Nxb5 Na6 15.
Qc2 Bxd5 16. Ng5 Bxg5 17. Bxd5 Bxf4 18. Qxc4 Bg5 19. Bxa8 Bf6 20. Bd5 g6 21. a5
Qb8 22. Rad1 1-0

[Event "25th North American Open"]
[Site "Las Vegas"]
[Date "2015.12.26"]
[Round "2"]
[White "Williams, Justus"]
[Black "Tickoo, Sahil"]
[Result "1-0"]
[WhiteElo "2310"]
[BlackElo "1889"]
[PlyCount "83"]
[EventDate "2015.12.??"]
[EventType "swiss"]
[EventRounds "9"]
[EventCountry "USA"]
[Source "MonRoi"]

1. Nf3 d5 2. c4 c6 3. Qc2 Nf6 4. g3 g6 5. Bg2 Bg7 6. O-O O-O 7. d3 Re8 8. e4 e5
9. Re1 d4 10. Rf1 c5 11. Nh4 Nc6 12. Na3 a6 13. Qe2 Bg4 14. f3 Be6 15. f4 exf4
16. Bxf4 Ng4 17. Nf3 Nge5 18. Nxe5 Nxe5 19. Qd2 Qd7 20. Nc2 b5 21. b3 bxc4 22.
bxc4 Qa4 23. Ne1 Nxc4 24. dxc4 Bxc4 25. Nd3 Bxd3 26. Qxd3 c4 27. Qf3 Rac8 28.
Bh3 Ra8 29. Bd6 Ra7 30. e5 Bxe5 31. Bxe5 Rxe5 32. Qf4 Qe8 33. Qxd4 Rc7 34. Rac1
Re4 35. Qd6 Rc6 36. Qd1 Re2 37. Rc3 Re3 38. Rxe3 Qxe3+ 39. Kh1 c3 40. Qd5 Qe8
41. Bd7 Rf6 42. Rxf6 1-0

[Event "25th North American Open"]
[Site "Las Vegas"]
[Date "2015.12.26"]
[Round "2"]
[White "Holliman, Bob"]
[Black "Yanayt, Eugene"]
[Result "0-1"]
[WhiteElo "1935"]
[BlackElo "2213"]
[PlyCount "62"]
[EventDate "2015.12.??"]
[EventType "swiss"]
[EventRounds "9"]
[EventCountry "USA"]
[Source "MonRoi"]

1. d4 Nf6 2. c4 g6 3. g3 Bg7 4. Bg2 O-O 5. Nf3 d6 6. Nc3 Nc6 7. O-O a6 8. b3
Rb8 9. Bb2 b5 10. cxb5 axb5 11. Rc1 b4 12. Na4 Na7 13. Nd2 c6 14. Qc2 Qa5 15.
e4 Qh5 16. Rfe1 Bh3 17. Bh1 Rfc8 18. Qd1 Qxd1 19. Rexd1 Rc7 20. Bg2 Bxg2 21.
Kxg2 Nc8 22. e5 Nd5 23. Nc4 Ra8 24. Rc2 Ra6 25. Re1 Bf8 26. exd6 exd6 27. Re8
Kg7 28. Bc1 Be7 29. Re2 Raa7 30. Bb2 Bf6 31. R8e4 Nc3 0-1

[Event "25th North American Open"]
[Site "Las Vegas"]
[Date "2015.12.26"]
[Round "2"]
[White "Yu, Jennifer"]
[Black "Helfst, Matt"]
[Result "1/2-1/2"]
[WhiteElo "2198"]
[BlackElo "1940"]
[PlyCount "81"]
[EventDate "2015.12.??"]
[EventType "swiss"]
[EventRounds "9"]
[EventCountry "USA"]
[Source "MonRoi"]

1. c4 c6 2. e4 d5 3. exd5 cxd5 4. d4 Nf6 5. Nc3 Nc6 6. Bg5 e6 7. Nf3 Be7 8. c5
O-O 9. Bb5 Ne4 10. Bxe7 Nxe7 11. Qc2 Qa5 12. Bd3 f5 13. Ne5 Qb4 14. Nf3 Qa5 15.
O-O b6 16. cxb6 axb6 17. Nb5 Bd7 18. a4 Rfc8 19. Qb3 Nc6 20. Rfc1 Qb4 21. Qa2
Na5 22. Rxc8+ Rxc8 23. Qa3 Qxa3 24. bxa3 Nb3 25. Rd1 Nc3 26. Re1 Nxa4 27. Ne5
Rc1 28. Rxc1 Nxc1 29. Nxd7 Nxd3 30. Nd6 Ndb2 31. Kf1 Nc4 32. Nxc4 dxc4 33. Ke1
b5 34. Kd2 g5 35. Nf6+ Kf7 36. Nxh7 g4 37. f3 Nb6 38. fxg4 Kg6 39. Nf8+ Kf7 40.
Nh7 Kg6 41. Nf8+ 1/2-1/2

[Event "25th North American Open"]
[Site "Las Vegas"]
[Date "2015.12.26"]
[Round "2"]
[White "Banawa, Joel"]
[Black "Mikhalevski, Victor"]
[Result "0-1"]
[WhiteElo "2380"]
[BlackElo "2535"]
[PlyCount "90"]
[EventDate "2015.12.??"]
[EventType "swiss"]
[EventRounds "9"]
[EventCountry "USA"]
[Source "MonRoi"]

1. e4 e5 2. Nf3 Nc6 3. Bc4 Bc5 4. c3 Nf6 5. d4 exd4 6. cxd4 Bb4+ 7. Bd2 Nxe4 8.
Bxb4 Nxb4 9. Bxf7+ Kxf7 10. Qb3+ Kf8 11. Qxb4+ Qe7 12. Qxe7+ Kxe7 13. O-O Nf6
14. Nc3 d6 15. Rfe1+ Kd8 16. h3 a5 17. Ng5 Rf8 18. Rad1 h6 19. Ne6+ Bxe6 20.
Rxe6 Kd7 21. Rde1 Rf7 22. f4 h5 23. g3 a4 24. R6e2 Ra5 25. h4 Ra6 26. a3 Ra5
27. Kf2 Nd5 28. Ne4 Rb5 29. Ng5 Rf6 30. Ne4 Rf7 31. Ng5 Rf5 32. Ne4 Rb3 33. Rc1
g6 34. Rcc2 b6 35. Rc1 Rd3 36. Rd2 Rxd2+ 37. Nxd2 Nf6 38. Ke3 Rb5 39. Rc2 c5
40. dxc5 bxc5 41. Kd3 d5 42. Kc3 Kd6 43. Rc1 Ng4 44. Re1 Ne3 45. Kd3 d4 0-1

[Event "25th North American Open"]
[Site "Las Vegas"]
[Date "2015.12.27"]
[Round "3"]
[White "Kiewra, Keaton"]
[Black "Xiong, Jeffery"]
[Result "0-1"]
[WhiteElo "2444"]
[BlackElo "2575"]
[PlyCount "80"]
[EventDate "2015.12.??"]
[EventType "swiss"]
[EventRounds "9"]
[EventCountry "USA"]
[Source "MonRoi"]

1. d4 Nf6 2. Nf3 g6 3. Bg5 Bg7 4. Nbd2 h6 5. Bxf6 Bxf6 6. e4 d6 7. Bd3 Bg7 8.
O-O O-O 9. c3 e5 10. Qe2 Qe7 11. Rad1 Re8 12. dxe5 dxe5 13. Rfe1 Nd7 14. Nf1
Nc5 15. Bc4 c6 16. a3 a5 17. b4 Na4 18. Qc2 b5 19. Bb3 Nb6 20. Ne3 Be6 21. Bxe6
Qxe6 22. Rd3 Bf8 23. Nd2 Rec8 24. Rd1 c5 25. bxc5 Bxc5 26. Qb2 Rab8 27. Qa1 Rd8
28. Rxd8+ Rxd8 29. Nb3 Rxd1+ 30. Qxd1 Bxe3 31. fxe3 a4 32. Qd8+ Kg7 33. Nc5 Qc6
34. Qe7 Nc4 35. Nd7 Qd6 36. Qxd6 Nxd6 37. Nxe5 Nxe4 38. Nc6 Nxc3 39. Nd4 Kf6
40. Kf2 Ke5 0-1

[Event "25th North American Open"]
[Site "Las Vegas"]
[Date "2015.12.27"]
[Round "3"]
[White "Mikhalevski, Victor"]
[Black "Kavutskiy, Konstantin"]
[Result "1-0"]
[WhiteElo "2535"]
[BlackElo "2360"]
[PlyCount "113"]
[EventDate "2015.12.??"]
[EventType "swiss"]
[EventRounds "9"]
[EventCountry "USA"]
[Source "MonRoi"]

1. Nf3 Nf6 2. g3 g6 3. b3 Bg7 4. Bb2 c5 5. c4 d6 6. Bg2 e5 7. Nc3 O-O 8. O-O
Nc6 9. d3 Rb8 10. Nd2 Be6 11. Nde4 Ne8 12. Qd2 h6 13. Nd5 Ne7 14. Nxe7+ Qxe7
15. e3 f5 16. Nc3 Nc7 17. f4 b5 18. Nxb5 Nxb5 19. cxb5 Rxb5 20. Rac1 exf4 21.
exf4 Bxb2 22. Qxb2 Qg7 23. d4 Rb4 24. Rfd1 Kf7 25. Qa3 Rxd4 26. Qxa7+ Kg8 27.
Qxg7+ Kxg7 28. Rxd4 cxd4 29. Rd1 Kf6 30. Rxd4 Ke7 31. Kf2 Rc8 32. Ke3 Rc1 33.
Rd2 Rc3+ 34. Kd4 Rc1 35. Re2 Kd7 36. Kd3 d5 37. Kd2 Ra1 38. Kc3 Kd6 39. Rd2 g5
40. Kb2 Re1 41. b4 Re3 42. a4 gxf4 43. gxf4 Kc6 44. h4 h5 45. Bf1 Re4 46. Bb5+
Kb6 47. Re2 Rxb4+ 48. Kc3 Re4 49. Rxe4 fxe4 50. Kd4 Bg4 51. Be8 Ka5 52. Bf7
Kxa4 53. Bxd5 e3 54. Kxe3 Kb5 55. Bf3 Bh3 56. Kd4 Kb6 57. Bxh5 1-0

[Event "25th North American Open"]
[Site "Las Vegas"]
[Date "2015.12.27"]
[Round "3"]
[White "Tang, Andrew"]
[Black "Tarjan, James"]
[Result "1/2-1/2"]
[WhiteElo "2416"]
[BlackElo "2478"]
[PlyCount "118"]
[EventDate "2015.12.??"]
[EventType "swiss"]
[EventRounds "9"]
[EventCountry "USA"]
[Source "MonRoi"]

1. d4 d5 2. c4 e6 3. Nc3 Be7 4. cxd5 exd5 5. Bf4 Nf6 6. e3 Bf5 7. Nge2 c6 8.
Ng3 Be6 9. Bd3 O-O 10. Nf5 Bxf5 11. Bxf5 Re8 12. O-O Nbd7 13. Qb3 Qb6 14. Qc2
g6 15. Bh3 Nf8 16. Rac1 Nh5 17. Be5 f6 18. Na4 Qd8 19. Bg3 Nxg3 20. hxg3 Bd6
21. Qb3 Rb8 22. Bg4 f5 23. Bf3 Ne6 24. Rfd1 Kg7 25. Nc5 Nxc5 26. dxc5 Be5 27.
Qa3 a6 28. b4 h5 29. Qb3 Qg5 30. Kf1 Re7 31. a4 Rh8 32. b5 axb5 33. axb5 h4 34.
gxh4 Rxh4 35. g3 Rh2 36. Bg2 Qf6 37. Kg1 Rh8 38. Rc2 g5 39. Ra2 f4 40. exf4
gxf4 41. gxf4 Bxf4 42. Qf3 Qg5 43. bxc6 bxc6 44. Ra6 Rf7 45. Qe2 Rh2 46. f3 Re7
47. Qb2+ Be5 48. Qf2 Rh6 49. Re1 Qf4 50. Ra8 Kf7 51. Rd1 Rh4 52. Kf1 Bd4 53.
Qc2 Kg7 54. Ra4 Qe5 55. Qd3 Bf2 56. Rxh4 Bxh4 57. Qd2 Bg5 58. Qf2 Qf4 59. Re1
Qc4+ 1/2-1/2

[Event "25th North American Open"]
[Site "Las Vegas"]
[Date "2015.12.27"]
[Round "3"]
[White "Velikanov, Alexander"]
[Black "Li, Ruifeng"]
[Result "0-1"]
[WhiteElo "2324"]
[BlackElo "2460"]
[PlyCount "174"]
[EventDate "2015.12.??"]
[EventType "swiss"]
[EventRounds "9"]
[EventCountry "USA"]
[Source "MonRoi"]

1. d4 Nf6 2. Nf3 e6 3. c4 b6 4. e3 Bb7 5. Bd3 d5 6. O-O Bd6 7. Nc3 Nbd7 8. b3
O-O 9. Bb2 a6 10. Qc2 c5 11. cxd5 exd5 12. Rad1 Qc7 13. Ne2 Ne4 14. Ng3 f5 15.
dxc5 bxc5 16. Nh4 g6 17. Nf3 Rae8 18. Qe2 Qb6 19. Nd2 Ne5 20. f4 Nxg3 21. hxg3
Ng4 22. Nc4 dxc4 23. Bxc4+ Rf7 24. Bxf7+ Kxf7 25. Qc4+ Re6 26. Qc3 Nf6 27. g4
Qb4 28. gxf5 gxf5 29. Qxb4 cxb4 30. Bd4 Ke7 31. Rc1 Ng4 32. Rfe1 Kd7 33. Bc5
Bxc5 34. Rxc5 Nxe3 35. Re2 Nd5 36. Rxe6 Kxe6 37. Rc4 Kd6 38. Kf2 a5 39. Rc1 Nc3
40. Rh1 Nxa2 41. Ra1 Nc3 42. Rxa5 Bd5 43. Ke3 Bxb3 44. Rxf5 Be6 45. Rh5 b3 46.
Rxh7 b2 47. Rb7 b1=Q 48. Rxb1 Nxb1 49. Ke4 Bd5+ 50. Kd4 Bxg2 51. f5 Na3 52. f6
Ke6 53. f7 Kxf7 54. Ke5 Nc4+ 55. Kd4 Bf1 56. Kd5 Kf6 57. Kd4 Ke6 58. Ke4 Bg2+
59. Kd4 Bd5 60. Kd3 Ke5 61. Kc3 Ke4 62. Kb4 Kd4 63. Kb5 Be4 64. Kb4 Bc2 65. Kb5
Ne5 66. Kb4 Nc6+ 67. Ka3 Kc3 68. Ka2 Nd4 69. Ka1 Nb3+ 70. Ka2 Bd3 71. Ka3 Bb1
72. Ka4 Nd4 73. Ka5 Kc4 74. Kb6 Nb5 75. Kc6 Bf5 76. Kb6 Bd7 77. Ka5 Nc3 78. Kb6
Nd5+ 79. Ka5 Kb3 80. Ka6 Kb4 81. Kb7 Kb5 82. Ka7 Bc8 83. Kb8 Ba6 84. Ka7 Nb4
85. Ka8 Kb6 86. Kb8 Nc6+ 87. Ka8 Bb7# 0-1

[Event "25th North American Open"]
[Site "Las Vegas"]
[Date "2015.12.27"]
[Round "3"]
[White "Tsegmed, Batchuluun"]
[Black "Song, Michael"]
[Result "1-0"]
[WhiteElo "2457"]
[BlackElo "2340"]
[PlyCount "113"]
[EventDate "2015.12.??"]
[EventType "swiss"]
[EventRounds "9"]
[EventCountry "USA"]
[Source "MonRoi"]

1. d4 Nf6 2. c4 c5 3. d5 e6 4. Nc3 exd5 5. cxd5 d6 6. Nf3 g6 7. e4 Bg7 8. h3
O-O 9. Bd3 b5 10. Bxb5 Nxe4 11. Nxe4 Qa5+ 12. Nfd2 Qxb5 13. Nxd6 Qa6 14. N2c4
Nd7 15. O-O Ne5 16. Nxc8 Raxc8 17. Nxe5 Bxe5 18. Re1 Qd6 19. Bg5 Rfe8 20. Qa4
Qxd5 21. Rad1 Qc6 22. Qxc6 Rxc6 23. Bf4 Rce6 24. Bxe5 Rxe5 25. Rxe5 Rxe5 26.
Kf1 c4 27. Rc1 Ra5 28. a3 Rb5 29. Rc2 Rb3 30. g3 h5 31. h4 Kg7 32. Rxc4 Rxb2
33. Rc7 Rb3 34. Rxa7 Kf6 35. Ke2 Ke6 36. a4 Rb2+ 37. Ke3 Rb3+ 38. Kf4 Kf6 39.
a5 Rb5 40. a6 Rb4+ 41. Ke3 Rb3+ 42. Kd4 Rf3 43. Rc7 Rxf2 44. a7 Ra2 45. Kc5 Kf5
46. Kb5 Rb2+ 47. Ka4 Ra2+ 48. Kb3 Ra6 49. Rxf7+ Kg4 50. Rf4+ Kxg3 51. Ra4 Rxa7
52. Rxa7 Kxh4 53. Kc2 g5 54. Kd2 g4 55. Ke2 Kg3 56. Kf1 Kh2 57. Rh7 1-0

[Event "25th North American Open"]
[Site "Las Vegas"]
[Date "2015.12.27"]
[Round "3"]
[White "Viswanadha, Kesav"]
[Black "Wang, Chen"]
[Result "1-0"]
[WhiteElo "2366"]
[BlackElo "2530"]
[PlyCount "135"]
[EventDate "2015.12.??"]
[EventType "swiss"]
[EventRounds "9"]
[EventCountry "USA"]
[Source "MonRoi"]

1. d4 Nf6 2. c4 e6 3. Nc3 Bb4 4. f3 d5 5. a3 Be7 6. e4 O-O 7. e5 Ne8 8. c5 f6
9. f4 fxe5 10. fxe5 b6 11. b4 a5 12. Rb1 axb4 13. axb4 bxc5 14. bxc5 Nc6 15.
Bb5 Ba6 16. Bxa6 Rxa6 17. Nf3 Na5 18. O-O Nc4 19. Nd2 Nxd2 20. Bxd2 g6 21. Qe2
Ra8 22. Rxf8+ Bxf8 23. Qf2 Qe7 24. Rf1 h6 25. Qg3 g5 26. h4 Qg7 27. hxg5 hxg5
28. Qg4 Qg6 29. Qf3 Qg7 30. Nxd5 Rd8 31. Nf6+ Nxf6 32. exf6 Qg6 33. f7+ Kg7 34.
Qg3 Rd5 35. Bc3 c6 36. Qe3 Rf5 37. Rxf5 Qxf5 38. d5+ Kxf7 39. d6 Ke8 40. Qe5
Qb1+ 41. Kf2 Qf5+ 42. Kg3 Kd7 43. Bd4 Ke8 44. Qe3 Kd7 45. Kh2 Qh7+ 46. Qh3 Qf5
47. Qc3 Qh7+ 48. Kg1 Qb1+ 49. Kf2 Qf5+ 50. Ke1 Qe4+ 51. Kf1 Qb1+ 52. Kf2 Qf5+
53. Kg1 Qb1+ 54. Kh2 Qh7+ 55. Qh3 Qf5 56. Qh8 Qf4+ 57. Kh1 Qf5 58. Bg1 e5 59.
Qh3 Qxh3+ 60. gxh3 Bg7 61. Be3 Bf6 62. Kg2 Ke6 63. Kf3 Kf5 64. Bd2 e4+ 65. Ke3
Be5 66. Ba5 Bf4+ 67. Ke2 Ke6 68. Bd2 1-0

[Event "25th North American Open"]
[Site "Las Vegas"]
[Date "2015.12.27"]
[Round "3"]
[White "Ginsburg, Mark"]
[Black "Bartholomew, John"]
[Result "0-1"]
[WhiteElo "2358"]
[BlackElo "2443"]
[PlyCount "132"]
[EventDate "2015.12.??"]
[EventType "swiss"]
[EventRounds "9"]
[EventCountry "USA"]
[Source "MonRoi"]

1. Nf3 d5 2. g3 c6 3. Bg2 Nf6 4. O-O Bf5 5. d3 e6 6. c4 dxc4 7. dxc4 Nbd7 8.
Nd4 Bg6 9. Nc3 Bc5 10. b3 O-O 11. Na4 Be7 12. Bb2 Qc7 13. Qc1 Rad8 14. Rd1 Nc5
15. Qc3 Nfe4 16. Bxe4 Nxe4 17. Qe1 Nc5 18. Nxc5 Bxc5 19. Nf3 f6 20. Bc3 Qe7 21.
Ba5 b6 22. Bc3 e5 23. Rxd8 Rxd8 24. Rd1 a5 25. Rxd8+ Qxd8 26. Qd2 Qxd2 27. Nxd2
Bc2 28. Kf1 Kf7 29. e4 g5 30. Ke2 Ke6 31. f3 h5 32. Bb2 g4 33. fxg4 hxg4 34.
Bc3 Ba3 35. Kf2 Bd6 36. Kg2 Bc5 37. h3 gxh3+ 38. Kxh3 Be3 39. Kg4 Bxd2 40. Bxd2
Bxe4 41. c5 bxc5 42. Bxa5 Bb1 43. a3 Bc2 44. Bb6 Bd1+ 45. Kh3 Kd5 46. a4 Bxb3
47. a5 Bc4 48. g4 Ba6 49. Bd8 Ke6 50. Kg2 c4 51. Kf2 c3 52. Ke3 Kf7 53. Bc7 Kg6
54. Bd8 Kg5 55. Be7 Bb5 56. Bd8 c5 57. Be7 c4 58. Bd8 Ba6 59. Be7 Bc8 60. Bb4
Kxg4 61. Bxc3 Kf5 62. Bb4 Ke6 63. Kd2 f5 64. Kc3 Ba6 65. Bf8 f4 66. Kb4 Kd5 0-1

[Event "25th North American Open"]
[Site "Las Vegas"]
[Date "2015.12.27"]
[Round "3"]
[White "Matikozyan, Andranik"]
[Black "Wheeler, Cameron"]
[Result "0-1"]
[WhiteElo "2427"]
[BlackElo "2369"]
[PlyCount "64"]
[EventDate "2015.12.??"]
[EventType "swiss"]
[EventRounds "9"]
[EventCountry "USA"]
[Source "MonRoi"]

1. e4 e6 2. d4 d5 3. Nc3 Bb4 4. e5 c5 5. Bd2 Ne7 6. dxc5 Nbc6 7. Qh5 b6 8. cxb6
d4 9. Nb5 Bxd2+ 10. Kxd2 O-O 11. Nf3 Qxb6 12. Bd3 Ng6 13. Rhb1 Ba6 14. a4 Nb4
15. Ne1 Rac8 16. g3 Qa5 17. Kd1 Rc5 18. f4 Rfc8 19. Qe2 Rd8 20. Qd2 Ne7 21. Be4
Bxb5 22. axb5 Qxb5 23. Rxa7 Ned5 24. Rba1 Ne3+ 25. Kc1 Nbxc2 26. Bxc2 Qf1 27.
Ra8 Rdc8 28. b4 Rxc2+ 29. Qxc2 Qxe1+ 30. Kb2 Qxb4+ 31. Kc1 Qe1+ 32. Kb2 Qxa1+
0-1

[Event "25th North American Open"]
[Site "Las Vegas"]
[Date "2015.12.27"]
[Round "3"]
[White "Shmelov, Denys"]
[Black "Williams, Justus"]
[Result "1-0"]
[WhiteElo "2420"]
[BlackElo "2310"]
[PlyCount "69"]
[EventDate "2015.12.??"]
[EventType "swiss"]
[EventRounds "9"]
[EventCountry "USA"]
[Source "MonRoi"]

1. d4 Nf6 2. c4 e6 3. Nc3 Bb4 4. Qc2 O-O 5. e4 d5 6. e5 Ne4 7. Bd3 c5 8. Nf3
cxd4 9. Nxd4 Nd7 10. Bf4 Ndc5 11. O-O Bxc3 12. bxc3 Bd7 13. Be2 Na4 14. cxd5
exd5 15. f3 Nec5 16. Qd2 Nb6 17. Rae1 Re8 18. Bg3 Nc4 19. Bxc4 dxc4 20. Re3 f5
21. Qe2 Be6 22. Nxe6 Nxe6 23. Qxc4 Qb6 24. Bf2 Rac8 25. Qd3 g6 26. Qd2 Qc7 27.
Rd3 Red8 28. Rd6 Rxd6 29. exd6 Qc6 30. Re1 Kf7 31. Bg3 f4 32. Bh4 g5 33. Bf2
Rd8 34. Qd3 Rxd6 35. Qxh7+ 1-0

[Event "25th North American Open"]
[Site "Las Vegas"]
[Date "2015.12.27"]
[Round "3"]
[White "Matus, Nastassja"]
[Black "Yang, Darwin"]
[Result "0-1"]
[WhiteElo "1721"]
[BlackElo "2473"]
[PlyCount "66"]
[EventDate "2015.12.??"]
[EventType "swiss"]
[EventRounds "9"]
[EventCountry "USA"]
[Source "MonRoi"]

1. d4 Nf6 2. c4 e6 3. g3 d5 4. Nf3 dxc4 5. Bg2 Bb4+ 6. Bd2 a5 7. a3 Bxd2+ 8.
Nbxd2 b5 9. a4 c6 10. O-O O-O 11. Nb1 Bb7 12. Ne5 Qb6 13. Na3 Rd8 14. e3 Nbd7
15. Nxd7 Nxd7 16. b3 c3 17. axb5 cxb5 18. Bxb7 Qxb7 19. Qc2 e5 20. dxe5 Nxe5
21. e4 Rd2 22. Qxc3 Qxe4 23. f3 Qe2 24. Qxd2 Qxd2 25. Nxb5 Qd5 26. f4 Nf3+ 27.
Kf2 Nxh2 28. Na3 Ng4+ 29. Kg1 Qd2 30. Ra2 Qxa2 31. Nc2 Qxc2 32. Rf2 Qxf2+ 33.
Kh1 Qf1# 0-1

[Event "25th North American Open"]
[Site "Las Vegas"]
[Date "2015.12.27"]
[Round "3"]
[White "Barbosa, Oliver"]
[Black "Atoufi, Pedram"]
[Result "1-0"]
[WhiteElo "2518"]
[BlackElo "2261"]
[PlyCount "81"]
[EventDate "2015.12.??"]
[EventType "swiss"]
[EventRounds "9"]
[EventCountry "USA"]
[Source "MonRoi"]

1. d4 Nf6 2. Nf3 g6 3. Bg5 Bg7 4. Nbd2 O-O 5. c3 d6 6. e4 c5 7. dxc5 dxc5 8.
Bc4 Nc6 9. O-O Qc7 10. Qe2 h6 11. Bxf6 exf6 12. Nh4 g5 13. Nf5 Bxf5 14. exf5
Qf4 15. Ne4 Rae8 16. Rae1 Qxf5 17. f4 gxf4 18. Qf2 Re5 19. Nd6 Qd7 20. Rd1 Qg4
21. h3 Qg3 22. Qc2 Ne7 23. Qb3 b5 24. Bxf7+ Kh8 25. Qxb5 Re3 26. Bh5 f5 27. Qd7
Qg5 28. Bf3 Kh7 29. Nc4 Ng6 30. Kh1 Re7 31. Qd2 Bf6 32. Qf2 Re3 33. Rd7+ Kh8
34. Rxa7 Rd8 35. Ra8 Rxa8 36. Bxa8 Be7 37. a4 Re6 38. Bd5 Rf6 39. a5 Nf8 40.
Qxf4 Qg7 41. Qc7 1-0

[Event "25th North American Open"]
[Site "Las Vegas"]
[Date "2015.12.27"]
[Round "3"]
[White "Sevillano, Enrico"]
[Black "Bykovtsev, Agata"]
[Result "1/2-1/2"]
[WhiteElo "2470"]
[BlackElo "2214"]
[PlyCount "99"]
[EventDate "2015.12.??"]
[EventType "swiss"]
[EventRounds "9"]
[EventCountry "USA"]
[Source "MonRoi"]

1. e4 c5 2. c3 d5 3. exd5 Qxd5 4. Nf3 Nf6 5. Na3 a6 6. Be2 Bg4 7. Nc2 Bh5 8.
Ne3 Qd8 9. d4 e6 10. Qb3 Nc6 11. O-O Be7 12. Rd1 O-O 13. dxc5 Qc7 14. Nf1 Bxc5
15. Be3 Bxe3 16. Nxe3 Ne5 17. Nd4 Bxe2 18. Nxe2 Neg4 19. Nxg4 Nxg4 20. Ng3 Qf4
21. Qb6 h5 22. h3 h4 23. Nf1 Ne5 24. Rd4 Qf6 25. Re1 Ng6 26. Ne3 Rac8 27. Ng4
Qf5 28. Rd2 Qg5 29. Qe3 Qxe3 30. Rxe3 Rfd8 31. Red3 Rxd3 32. Rxd3 Kf8 33. Rd7
Rb8 34. Kf1 Ke8 35. Rc7 Ne7 36. Ne3 Kd8 37. Rc4 Ng6 38. a4 b5 39. axb5 Rxb5 40.
Rd4+ Ke7 41. Nc4 e5 42. Rd1 Rc5 43. Ne3 Ke6 44. Ra1 a5 45. b4 axb4 46. cxb4 Rb5
47. Ra6+ Kd7 48. Ra7+ Ke6 49. Ra6+ Kd7 50. Ra7+ 1/2-1/2

[Event "25th North American Open"]
[Site "Las Vegas"]
[Date "2015.12.27"]
[Round "3"]
[White "Yanayt, Eugene"]
[Black "Zhai, Mo"]
[Result "1-0"]
[WhiteElo "2213"]
[BlackElo "2391"]
[PlyCount "59"]
[EventDate "2015.12.??"]
[EventType "swiss"]
[EventRounds "9"]
[EventCountry "USA"]
[Source "MonRoi"]

1. d4 Nf6 2. c4 e6 3. g3 Bb4+ 4. Bd2 a5 5. Bg2 d6 6. e3 Nbd7 7. Ne2 e5 8. O-O
Bxd2 9. Qxd2 O-O 10. Nbc3 Re8 11. b3 e4 12. h3 h5 13. Rae1 Nf8 14. Kh2 N8h7 15.
f3 exf3 16. Rxf3 Ng5 17. Rf4 Ne6 18. Rff1 Ng5 19. Qd3 Bd7 20. e4 c5 21. dxc5
dxc5 22. Nf4 Re5 23. Qd6 Qe8 24. Nd3 Re6 25. Qf4 Nfh7 26. Nd5 Rh6 27. Nxc5 Bxh3
28. Bxh3 Nxh3 29. Kxh3 Qc8+ 30. Qf5 1-0